000 00657nam a22002177a 4500
003 dpl
005 20170124110255.0
008 161212b xxu||||| |||| 00| 0 eng d
010 _a528802
035 _a528802
037 _aCen Lib/Ret
040 _aDPL
_bEN
_cTIT
082 _a920
_bWHO
110 _bNew Delhi. Sangeet Natak Akademi
_9112562
245 _aWho's who of indian musicians /
_cby Sangeet Natak Akademi.
260 _aNew Delhi
_bSangeet Natak Akademi
_c1968
300 _a100p ;
_b24cm(Hb)
650 _aMusicians -- India -- Biography.
_9112563
650 _aMusicians
_vIndia
_9112564
942 _2ddc
_cEN
_h920
_mWHO
999 _c136159
_d136159